000 00686nam a2200289Ia 4500
005 20260324150522.0
008 008 260324s9999 xx 000 0 eng d
020 _a9781003135999
037 _aEBOOK
040 _aCRL
040 _beng
040 _cCRL
041 _2eng
041 _aeng
084 _qCRL
100 _aJoan Metge
_91191609
245 2 _aA New Maori Migration
245 0 _bRural and Urban Relations in Northern New Zealand
260 _bTaylor and Francis
260 _c1964
365 _a
365 _b180
856 _uhttp://www.taylorfrancis.com/books/9781003135999
942 _cEBOOK
999 _c1836278
_d1836278